• 首页
  • 本馆介绍
  • 公告通知
  • 最新文献
  • 馆藏检索
  • 电子资源
  • 读者导购
  • 参考咨询
  • 我的图书馆
  • 登录
  • 详细信息显示
  • 放入我的书架
  • 预约/预借图书
  • 作者相关作品
  • 分类相关作品
  • 丛书相关作品
  • 出版社相关作品

书目信息

  • 表格格式
  • 工作单格式
  • 卡片格式
题名:
民国军阀档案
    
 
作者: 杨帆 著
分册: Ⅱ  
出版信息: 北京   人民日报出版社  2012.06
页数: 411页
开本: 24cm
丛书名:
单 册:
中图分类: K261.506
科图分类:
主题词: 军阀--中国--民国--史料 , 军阀
电子资源:
ISBN: 978-7-5115-1193-5
000 00767nam0 2200241 450
001 010700103306
005 20130504092644.69
010    @a978-7-5115-1193-5@dCNY48.00
100    @a20120730d2012 em y0chiy50 ea
101 0  @achi
102    @aCN@b110000
105    @aa z 000yy
106    @ar
200 1  @a民国军阀档案@9min guo jun fa dang an@hⅡ@f杨帆著
210    @a北京@c人民日报出版社@d2012.06
215    @a411页@c图@d24cm
330    @a本书侧重国民党新军阀,精选掌控或左右中央或某一地区政权,或在某些重大历史事件中产生过重大影响、具有鲜明特色与争议的民国军阀9人。
606 0  @a军阀@y中国@z民国@x史料
606 0  @a军阀
690    @aK261.506@v5
701  0 @a杨帆@9yang fan@4著
801  0 @aCN@bRENTIAN@c20120730
905    @b543166-70@dK261.506@e114:2@f5
    
    民国军阀档案.Ⅱ/杨帆著.-北京:人民日报出版社,2012.06
    411页:图;24cm
    
    
    ISBN 978-7-5115-1193-5:CNY48.00
    本书侧重国民党新军阀,精选掌控或左右中央或某一地区政权,或在某些重大历史事件中产生过重大影响、具有鲜明特色与争议的民国军阀9人。
●
相关链接 在E读中查询图书 在五车中查询图书 在当当中查询图书 在豆瓣中查询图书


正题名:民国军阀档案     索取号:K261.506/114:2         预约/预借

序号 登录号 条形码 馆藏地/架位号 状态 备注
1 543166   205431665   第二样本阅览室/ [索取号:K261.506/114:2] 在馆    
2 543167   205431674   史法系资料室/ [索取号:K261.506/114:2] 在馆    
3 543168   205431683   史法系资料室/ [索取号:K261.506/114:2] 在馆    
4 543169   205431692   第二借阅区/ [索取号:K261.506/114:2] 在馆    
5 543170   205431709   第二借阅区/ [索取号:K261.506/114:2] 在馆    
唐山师范学院图书馆 欢迎您!
大连网信软件有限公司© 版权所有